000 00331nam a2200133Ia 4500
008 240624s9999 xx 000 0 und d
041 _aeng
082 _a658 ADA
100 _aADAIR S JOHN
245 _aJOHN ADAIR S 100 GREATEST IDEAS FOR BEIN
260 _c2012
_aNew Delhi
_bWiley India
300 _a288 : p.
365 _cRS
_b20
999 _c20308
_d20308